000 00439 a2200169 4500
001 066269
003 OSt
005 20210920115618.0
008
082 _a620.00151
_bB32T
100 1 _aBathul, Shahnaz
245 1 _aTextbook of engineering mathematics
_cby Shahnaz Bathul
260 _aNew Delhi
_bPHI
_c2009
300 _a442p.
690 _aEngineering mathematics; Mathematics
942 _2ddc
_cBK
999 _c387
_d387